00337nam a2200109Ia 450000500170000000800410001710000290005824500900008726000260017730000110020365000130021420260328101527.0260328s9999||||xx |||||||||||||| ||und|| aBuitrago Gómez, Pablo  0aCasas Modernas en Cali :b Modelos y Paradigmas (1936-1972) /cPablo Buitrago Gómez bUniversidad del Valle a181 p. aVIVIENDA